All FIFA World Cup Winners - Statistics

General Stats
  • This quiz has been taken 27 times
    14 since last reset
  • The average score is 19 of 22
Answer Stats
Question Answer % Correct
FIFA World Cup 2022 (Qatar) Argentina
92%
FIFA World Cup 1958 (Sweden) Brazil
92%
FIFA World Cup 2002 (South Korea and Japan) Brazil
92%
FIFA World Cup 1998 (France) France
92%
FIFA World Cup 2018 (Russia) France
92%
FIFA World Cup 1934 (Italy) Italy
92%
FIFA World Cup 1938 (France) Italy
92%
FIFA World Cup 2010 (South Africa) Spain
92%
FIFA World Cup 1930 (Uruguay) Uruguay
92%
FIFA World Cup 1954 (Switzerland) West Germany
92%
FIFA World Cup 1978 (Argentina) Argentina
85%
FIFA World Cup 1986 (Mexico) Argentina
85%
FIFA World Cup 1962 (Chile) Brazil
85%
FIFA World Cup 1970 (Mexico) Brazil
85%
FIFA World Cup 1994 (United States) Brazil
85%
FIFA World Cup 1966 (England) England
85%
FIFA World Cup 2014 (Brazil) Germany
85%
FIFA World Cup 2006 (Germany) Italy
85%
FIFA World Cup 1950 (Brazil) Uruguay
85%
FIFA World Cup 1974 (West Germany) West Germany
77%
FIFA World Cup 1990 (Italy) West Germany
69%
FIFA World Cup 1982 (Spain) Italy
62%
No matching quizzes found
Score Distribution
Percent of People with Each Score
Percentile by Number Answered
Your Score History
You have not taken this quiz since the last reset